000 00419nam a22001457a 4500
003 OSt
008 200711b ||||| |||| 00| 0 eng d
100 _aUsman ,Rageeb MD
245 _aPractical Book of Pharmaceutical Engineering
250 _a2019
260 _aNew Delhi
_bNirali Pub.
300 _a125
650 _aPharmaceutics- Drug Delivery Systems,Pharmaceutical Engineering regulraty Science
942 _2ddc
_cBK
999 _c8808
_d8808